| LEADER 00000nam 2200000uu 4500 |
| 001 13399126393 |
| 003 ULIB |
| 008 141220s2556||||th 000 0 tha d |
| 020 ^a9786160817788
|
| 050 4 ^aQA76.774.M434^bส786ร 2556
|
| 100 0 ^aสุธีร์ นวกุล
|
| 245 10 ^a176 Tips & Tricks Windows 8 /^cสุธีร์ นวกุล
|
| 260 ^aกรุงเทพฯ :^bซีเอ็ดยูเคชั่น,^c2556
|
| 300 ^a428 หน้า :^bภาพประกอบ
|
| 650 7 ^aวินโดวส์ (โปรแกรมคอมพิวเตอร์)
|
| 650 7 ^aระบบปฏิบัติการ (คอมพิวเตอร์)
|
| 650 7 ^aไมโครซอฟต์ออฟฟิศ (โปรแกรมคอมพิวเตอร์)
|
| 856 ^z176 Tips & Tricks Windows 8(10041308).pdf (สารบัญหนังสือ)^uhttp://61.19.69.198/ULIB//_fulltext/Content ::/13399126393/20150124155451_1039.pdf |
| 999 ^aสุณิสา
|